000 00846nam a2200289Ia 4500
003 OSt
005 20221006160515.0
006 a|||||r|||| 00| 0
007 ta
008 221006b |||||||| |||| 00| 0 eng d
020 _a9780804838429
_c
_27.95
024 _a45,347
037 _bGift, JLPP
_cTextual
040 _aEASL
_cEASL
_beng
041 _2eng
_aeng
082 _aO42,3M99, P5
100 _aMATSUTARO Kawaguchi
_9673940
245 0 _aMistress Oriku
_b Stories from a Tokyo teahouse
260 _aTokyo
_bTuttle Publishing
_c2005
300 _a280p.
_ccm.
490 _v JEL
650 _a JEL
650 _aLiterature - Japan - Fiction
_9647592
700 _a TYLER Royall Tr.
_9663354
942 _hO42,3M99, P5
_cTEXL
_2CC
999 _c1113439
_d1113439